[Event "Guimaraes 2nd"]
[Site "Guimaraes"]
[Date "2018.10.07"]
[Round "7"]
[White "Silva, Pedro Gil Ferreira"]
[Black "Melo, David"]
[Result "1-0"]
[WhiteElo "1837"]
[BlackElo "1590"]
[PlyCount "55"]
[EventDate "2018.10.04"]
[EventType "swiss"]
[EventRounds "7"]
[EventCountry "POR"]
[SourceTitle "CBM 186 Extra"]
[Source "ChessBase"]
[SourceDate "2018.08.24"]
[SourceVersion "1"]
[SourceVersionDate "2018.08.24"]
[SourceQuality "1"]

1. e4 c6 2. d4 d5 3. exd5 cxd5 4. Bd3 Nc6 5. c3 Qc7 6. Ne2 Bg4 7. f3 Bd7 8. Bf4 e5 9. dxe5 Nxe5 10. 0-0 Bd6 11. Nd4 Ne7 12. Qe2 a6 13. Re1 f6 14. Bc2 0-0 15. Bg3 Rfe8 16. Bb3 Qa5 17. Nd2 Kh8 18. f4 Bg4 19. Qf1 N5c6 20. N2f3 Nf5 21. Nxf5 Bxf5 22. Rad1 Be4 23. Qe2 h6 24. Qd2 Bxf3 25. gxf3 d4 26. Rxe8+ Rxe8 27. cxd4 Nxd4 28. Qxd4 1-0

[Event "POR-ch U18"]
[Site "Portugal"]
[Date "2007.??.??"]
[Round "3"]
[White "Silva, Tiago Manuel Araujo"]
[Black "Melo, David"]
[Result "1-0"]
[WhiteElo "1988"]
[BlackElo "1767"]
[PlyCount "81"]
[EventDate "2007.??.??"]
[EventType "swiss"]
[EventRounds "7"]
[EventCountry "POR"]
[SourceTitle "EXT 2010"]
[Source "ChessBase"]
[SourceDate "2010.11.25"]
[SourceVersion "1"]
[SourceVersionDate "2010.11.25"]
[SourceQuality "1"]

1. d4 Nf6 2. c4 e6 3. a3 b6 4. Bg5 Be7 5. e3 Bb7 6. f3 h6 7. Bh4 c5 8. Nc3 d6 9. Bd3 Nbd7 10. Nge2 0-0 11. 0-0 a6 12. Qb3 cxd4 13. exd4 Qc7 14. Bg3 Rac8 15. Rac1 Nh5 16. Bf2 Nhf6 17. Na4 Bc6 18. Rfe1 Qb7 19. Ng3 d5 20. c5 Bxa4 21. Qxa4 bxc5 22. Nf5 Bd8 23. Nd6 Nb6 24. Qd1 Qc6 25. Nxc8 Nxc8 26. Rxc5 Qb6 27. Rxc8 Qxb2 28. Qc1 Qb3 29. Bxa6 Nd7 30. Bf1 Nb6 31. Rc3 Qa4 32. Qc2 Qa7 33. Rb3 Nd7 34. Qc6 Nf6 35. a4 Ba5 36. Rb7 Qa8 37. Reb1 Rc8 38. Qxc8+ Qxc8 39. Rb8 Qxb8 40. Rxb8+ Kh7 41. Bd3+ 1-0

[Event "Braga district-ch"]
[Site "Braga"]
[Date "2006.05.20"]
[Round "2"]
[White "Branco, Ricardo Joao Fernan"]
[Black "Melo, David"]
[Result "1-0"]
[WhiteElo "1958"]
[BlackElo "1762"]
[PlyCount "59"]
[EventDate "2006.05.19"]
[EventType "swiss"]
[EventRounds "9"]
[EventCountry "POR"]
[SourceTitle "EXT 2008"]
[Source "ChessBase"]
[SourceDate "2007.11.25"]
[SourceVersion "1"]
[SourceVersionDate "2007.11.25"]
[SourceQuality "1"]

1. e4 c5 2. Nf3 e6 3. Nc3 Nf6 4. e5 Ng8 5. g3 d5 6. exd6 Bxd6 7. Nb5 a6 8. Nxd6+ Qxd6 9. d4 cxd4 10. Qxd4 Qxd4 11. Nxd4 e5 12. Nb3 Nc6 13. c3 Be6 14. Bg2 Bxb3 15. axb3 Nge7 16. 0-0 0-0 17. Be3 h6 18. Bc5 Rfd8 19. Rfd1 Rab8 20. Bd6 Rbc8 21. Bxe7 Rxd1+ 22. Rxd1 Nxe7 23. Bxb7 Rb8 24. Bxa6 Rxb3 25. Rd2 Nc6 26. Bc4 Rb8 27. b4 Kf8 28. Rd7 f6 29. Rf7+ Ke8 30. Rxg7 1-0